Last Names That Started As Professions - Statistics

General Stats
  • This quiz has been taken 118 times
    97 since last reset
  • The average score is 15 of 24
Answer Stats
Hint Name % Correct
A person who makes bread and cakes as a trade Baker
100%
A person who grows fruit, vegetables and rears animals for food Farmer
98%
A person who prepares food Cook / Cooke
96%
A person who catches fish for sport or food Fisher / Fischer
96%
A person who kills animals for sport or food Hunt / Hunter
96%
A person who sections animals into smaller pieces Butcher
88%
A person who makes beer Brewer / Brewster
86%
A person who makes, mends, or alters clothes, especially suits, coats, and other outer garments Taylor
84%
A public officer authorized to hear and decide cases in a court of law Judge
79%
Any maker but particularly one who works in metals Smith / Smithe
77%
A person who takes care of the household of a sovereign or nobleman Chamberlain / Butler
74%
A person who shoots with a bow and arrow; bowman Archer
66%
A person whose trade is building with stones, bricks, cinder blocks, or tiles, usually with the use of mortar or cement Mason
66%
A person who makes drinking and storage vessels from clay Potter
58%
A person who tints cloth Dyer
56%
A maker of arrows Fletcher
43%
A maker or seller of gloves Glover
43%
A person who makes or repairs wooden casks or tubs Cooper
42%
A person who tends and cultivates a patch of land as a pastime or for a living Gardener
42%
A maker of objects of wood, metal, or bone by turning on a lathe Turner
27%
A gamekeeper or park employee Parker
22%
A lumberjack Sawyer
21%
A guard or watchman Ward
20%
A young person employed to run errands, open doors, etc Page / Paige
17%
No matching quizzes found
Score Distribution
Percent of People with Each Score
Percentile by Number Answered
Your Score History
You have not taken this quiz since the last reset